[Event "X Memorial Pedro Lezcano Montalvo 2017"]
[Site "Ateneo Mpal. de Vecindario-C/Colón, s/n (Gran Canaria)"]
[Date "2017.04.09"]
[Round "2"]
[White "Robin, Samy"]
[Black "Rodriguez Redondo, Ethan"]
[Result "1-0"]
[WhiteElo "2285"]
[BlackElo "1867"]
[EventDate "2017.04.08"]
[Board "12"]
[PlyCount "93"]
[EventRounds "9"]
[EventCountry "ESP"]

1. e4 c5 2. Nf3 e6 3. d4 cxd4 4. Nxd4 Nc6 5. Nc3 Qc7 6. g3 a6 7. Bg2 Nf6 8.
O-O Be7 9. Re1 d6 10. Nxc6 bxc6 11. e5 dxe5 12. Rxe5 Bd6 13. Re2 Bb7 14.
Bg5 Rd8 15. Rd2 Be7 16. Rxd8+ Qxd8 17. Qe2 Qb6 18. Qc4 O-O 19. Be3 Qb4 20.
Qxb4 Bxb4 21. Na4 Rd8 22. Nc5 Bxc5 23. Bxc5 Rd2 24. Rc1 e5 25. Bb4 Rd7 26.
Re1 c5 27. Bxc5 Bxg2 28. Kxg2 Rd2 29. Rc1 Nd5 30. Kf1 Nc7 31. Ke1 Rd7 32.
Rd1 Rxd1+ 33. Kxd1 Ne6 34. Bd6 f6 35. Kd2 Nd4 36. Kd3 Kf7 37. c4 Ke6 38.
Bc5 Nc6 39. b4 f5 40. a4 e4+ 41. Kc3 Ne5 42. a5 Kd7 43. b5 axb5 44. cxb5
Nd3 45. Bd4 g5 46. a6 f4 47. a7 1-0

[Event "X Memorial Pedro Lezcano Montalvo 2017"]
[Site "Ateneo Mpal. de Vecindario-C/Colón, s/n (Gran Canaria)"]
[Date "2017.04.09"]
[Round "3"]
[White "Rabineau, Clement"]
[Black "Dvirnyy, Danyyil"]
[Result "0-1"]
[WhiteElo "2269"]
[BlackElo "2541"]
[EventDate "2017.04.08"]
[Board "1"]
[PlyCount "0"]
[EventRounds "9"]
[EventCountry "ESP"]

1. Nf3 d5 2. c4 c6 3. e3 Nf6 4. Nc3 e6 5. d4 Nbd7 6. Bd3 dxc4 7. Bxc4 b5 8.
Bd3 Bb7 9. e4 b4 10. Na4 Rc8 11. Bg5 Qa5 12. O-O c5 13. Bxf6 Nxf6 14. dxc5
Rd8 15. Ne5 Qc7 16. Bb5+ Ke7 17. Nd3 Bxe4 18. Qb3 a5 19. f3 Bd5 20. Bc4
Bxc4 21. Qxc4 Qd7 22. Ne5 Qc7 23. Rfe1 Rd5 24. f4 g6 25. Rac1 Bh6 26. Nb6
Rd2 27. Nxf7 Kxf7 28. Qxe6+ Kg7 29. Qe7+ Qxe7 30. Rxe7+ Kf8 31. Rb7 Bxf4
32. Rf1 Be3+ 33. Kh1 Rf2 34. Rxf2 Bxf2 35. Na4 Rg8 36. c6 Nd5 37. c7 Ne7
38. Nb6 Bxb6 39. Rxb6 Kf7 40. h4 Rc8 41. Rb7 Nc6 0-1

[Event "X Memorial Pedro Lezcano Montalvo 2017"]
[Site "Ateneo Mpal. de Vecindario-C/Colón, s/n (Gran Canaria)"]
[Date "2017.04.09"]
[Round "3"]
[White "Del Rio De Angelis, Salvador G"]
[Black "Ramirez Medina, Victor"]
[Result "1-0"]
[WhiteElo "2524"]
[BlackElo "2215"]
[EventDate "2017.04.08"]
[Board "2"]
[PlyCount "0"]
[EventRounds "9"]
[EventCountry "ESP"]

1. d4 Nf6 2. c4 e6 3. Nc3 d5 4. Bg5 Be7 5. e3 O-O 6. Nf3 b6 7. Bd3 Bb7 8.
Qc2 Nbd7 9. O-O dxc4 10. Bxc4 c5 11. Rfd1 Bxf3 12. gxf3 cxd4 13. Rxd4 Qc8
14. Be2 Ne5 15. Qd1 h6 16. Bh4 Ng6 17. Bg3 e5 18. Rc4 Qe6 19. Qb3 h5 20.
Rc7 Qf5 21. h4 Ne8 22. e4 Qh3 23. Bf1 Qe6 24. Qxe6 fxe6 25. Rc6 Nxh4 26.
Rxe6 Nxf3+ 27. Kg2 Bc5 28. Na4 Bd4 29. Bc4 Kh7 30. Be2 Ng5 31. Re7 Kh6 32.
Rc1 Rf6 33. Nc3 Rf8 34. Nb5 Bc5 35. Rxe5 g6 36. b4 Bxb4 37. Rc6 Rd8 38. f4
Nh7 39. Rxh5+ Kg7 40. Rd5 Rxd5 41. exd5 Nhf6 42. Bf3 Rf7 43. Nd4 Rd7 44.
Rc8 Kf7 45. Nc6 Nd6 46. Ra8 Nc4 47. Nxb4 a5 48. Nc6 Nxd5 49. Ne5+ Nxe5 50.
fxe5 Ne7 51. Bf4 Nf5 52. Bg5 Rd4 53. Rb8 Nh4+ 54. Bxh4 Rxh4 55. Rxb6 Rd4
56. Kf2 g5 57. Ke3 Ra4 58. Bd5+ 1-0

[Event "X Memorial Pedro Lezcano Montalvo 2017"]
[Site "Ateneo Mpal. de Vecindario-C/Colón, s/n (Gran Canaria)"]
[Date "2017.04.09"]
[Round "3"]
[White "Sgircea, Silvia-Raluca"]
[Black "Kurajica, Bojan"]
[Result "0-1"]
[WhiteElo "2253"]
[BlackElo "2517"]
[EventDate "2017.04.08"]
[Board "3"]
[PlyCount "0"]
[EventRounds "9"]
[EventCountry "ESP"]

1. Nf3 Nf6 2. c4 e6 3. g3 a6 4. Bg2 b5 5. b3 c5 6. O-O Bb7 7. Nc3 Qa5 8. e3
d5 9. Qc2 dxc4 10. bxc4 b4 11. Ne2 Be7 12. Bb2 Nbd7 13. d3 O-O 14. Rad1 Qc7
15. Nc1 Rad8 16. Ne1 Bxg2 17. Nxg2 Ne8 18. f4 Bf6 19. Ne1 Bxb2 20. Qxb2 Nb6
21. Nf3 Na4 22. Qe5 Nd6 23. g4 Nc3 24. Rd2 f6 25. Qh5 Nf7 26. Rg2 e5 27. g5
fxg5 28. fxe5 g6 29. Qg4 Nxe5 30. Nxe5 Qxe5 31. Qxg5 Rxf1+ 32. Kxf1 Rf8+
33. Kg1 Ne2+ 0-1

[Event "X Memorial Pedro Lezcano Montalvo 2017"]
[Site "Ateneo Mpal. de Vecindario-C/Colón, s/n (Gran Canaria)"]
[Date "2017.04.09"]
[Round "3"]
[White "Larino Nieto, David"]
[Black "Podvin, Francois-Xavier"]
[Result "1-0"]
[WhiteElo "2491"]
[BlackElo "2175"]
[EventDate "2017.04.08"]
[Board "4"]
[PlyCount "0"]
[EventRounds "9"]
[EventCountry "ESP"]

1. g3 c5 2. Bg2 g6 3. Nc3 Bg7 4. f4 Nc6 5. d3 d6 6. Nh3 Nf6 7. O-O h5 8.
Ne4 h4 9. Nhf2 hxg3 10. hxg3 Ng4 11. c3 Nxf2 12. Nxf2 d5 13. Qb3 d4 14. Ne4
Qb6 15. Qc4 Be6 16. Qxc5 Qxc5 17. Nxc5 dxc3 18. Nxe6 fxe6 19. bxc3 Bxc3 20.
Rb1 O-O-O 21. Be3 Bd4 22. Bxd4 Rxd4 23. Rfc1 Kc7 24. Be4 Rg8 25. e3 Rd6 26.
Rb5 1-0

[Event "X Memorial Pedro Lezcano Montalvo 2017"]
[Site "Ateneo Mpal. de Vecindario-C/Colón, s/n (Gran Canaria)"]
[Date "2017.04.09"]
[Round "3"]
[White "Korneev Leskova, Svyatoslav"]
[Black "Movsziszian, Karen"]
[Result "0-1"]
[WhiteElo "2186"]
[BlackElo "2483"]
[EventDate "2017.04.08"]
[Board "5"]
[PlyCount "0"]
[EventRounds "9"]
[EventCountry "ESP"]

1. c4 g6 2. g3 Bg7 3. Bg2 d6 4. Nc3 Nc6 5. d3 f5 6. e3 Nf6 7. h4 O-O 8. h5
Nxh5 9. Rxh5 gxh5 10. Qxh5 Ne5 11. d4 Ng4 12. Nge2 c6 13. Bd2 e5 14. d5 Bd7
15. f3 Nf6 16. Qh4 cxd5 17. cxd5 Rc8 18. Qb4 Qb6 19. Qxb6 axb6 20. Nc1 Nh5
21. Kf2 f4 22. N1e2 fxe3+ 23. Bxe3 b5 24. a3 Rc4 25. b3 Rxc3 26. Nxc3 e4
27. Rc1 exf3 28. Bf1 Bxc3 29. Rxc3 Nf6 30. Rc7 Ng4+ 31. Ke1 Re8 32. Rxd7
f2+ 33. Kd2 Nxe3 34. Ke2 Ng4+ 35. Kf3 Ne5+ 0-1

[Event "X Memorial Pedro Lezcano Montalvo 2017"]
[Site "Ateneo Mpal. de Vecindario-C/Colón, s/n (Gran Canaria)"]
[Date "2017.04.09"]
[Round "3"]
[White "Cruz Pino, Adrian"]
[Black "Alvarado Diaz, Alejandro"]
[Result "1/2-1/2"]
[WhiteElo "2112"]
[BlackElo "2415"]
[EventDate "2017.04.08"]
[Board "6"]
[PlyCount "0"]
[EventRounds "9"]
[EventCountry "ESP"]

1. e4 e5 2. Bc4 Nf6 3. d3 Bc5 4. Nf3 Nc6 5. Nc3 h6 6. O-O a6 7. Bb3 d6 8.
h3 Na5 9. Be3 Nxb3 10. axb3 Bxe3 11. fxe3 c6 12. Qe1 O-O 13. Qf2 Qe7 14.
Qh4 Bd7 15. Rf2 Rae8 16. Raf1 Nh7 17. Qxe7 Rxe7 18. Na4 Be6 19. Nb6 Rd8 20.
Kh2 Nf8 21. d4 Nd7 22. Nxd7 Rexd7 23. dxe5 dxe5 24. Nxe5 Re7 25. Nf3 f6 26.
e5 fxe5 27. Nxe5 Bd5 28. Ng6 Rxe3 29. Rf8+ Rxf8 30. Rxf8+ Kh7 31. Nf4 Bg8
32. Rd8 Re7 33. Rd2 g5 34. Nh5 Bf7 35. Nf6+ Kg7 36. Nd7 a5 37. Nb6 Be6
1/2-1/2

[Event "X Memorial Pedro Lezcano Montalvo 2017"]
[Site "Ateneo Mpal. de Vecindario-C/Colón, s/n (Gran Canaria)"]
[Date "2017.04.09"]
[Round "3"]
[White "Aguera Naredo, Javier"]
[Black "Lam, Sophie"]
[Result "1-0"]
[WhiteElo "2354"]
[BlackElo "2080"]
[EventDate "2017.04.08"]
[Board "7"]
[PlyCount "0"]
[EventRounds "9"]
[EventCountry "ESP"]

1. e4 c5 2. Nf3 Nc6 3. Bb5 g6 4. Bxc6 dxc6 5. d3 Bg7 6. h3 Nf6 7. Nc3 O-O
8. Be3 b6 9. Qd2 Re8 10. O-O e5 11. a3 Ba6 12. b4 c4 13. dxc4 Bxc4 14. Qxd8
Raxd8 15. Rfb1 Nd7 16. a4 f6 17. a5 Bf8 18. Nd2 Be6 19. b5 Rc8 20. axb6
axb6 21. Ra7 Bc5 22. Bxc5 Nxc5 23. Nf1 Red8 24. Ne3 Rd7 25. Rba1 Kf7 26.
bxc6 Rxc6 27. Ned5 Rd6 28. Nb5 Rxd5 29. exd5 Bxd5 30. Nd6+ Ke6 31. Nc8 Rxa7
32. Rxa7 Nd7 33. Nxb6 Nxb6 34. Ra6 h5 35. Rxb6+ Kf5 36. Rb4 g5 37. c4 Ba8
38. Rb8 Be4 39. f3 Bc6 40. Rb6 Ba8 41. c5 1-0

[Event "X Memorial Pedro Lezcano Montalvo 2017"]
[Site "Ateneo Mpal. de Vecindario-C/Colón, s/n (Gran Canaria)"]
[Date "2017.04.09"]
[Round "3"]
[White "Gutierrez Olivares, Daniel"]
[Black "Bozinovic, Boban"]
[Result "1-0"]
[WhiteElo "2336"]
[BlackElo "2013"]
[EventDate "2017.04.08"]
[Board "8"]
[PlyCount "0"]
[EventRounds "9"]
[EventCountry "ESP"]

1. e4 c5 2. Nf3 g6 3. d4 cxd4 4. Qxd4 Nf6 5. e5 Nc6 6. Qf4 Nd5 7. Qe4 Nb6
8. Bf4 Bg7 9. Nc3 O-O 10. O-O-O f5 11. Qe3 a6 12. h4 h5 13. Rh3 Qc7 14. Rg3
Kh7 15. Ng5+ Kg8 16. e6 d6 17. Nf7 Rxf7 18. exf7+ Kxf7 19. Bh6 Bf6 20. Bg5
Bg7 21. Qe1 e5 22. Rgd3 Bf8 23. Be3 Be6 24. Kb1 Rc8 25. f3 Nb4 26. R3d2 Nc4
27. Bxc4 Qxc4 28. a3 a5 29. Qe2 Qxe2 30. Rxe2 Nc6 31. Red2 Rb8 32. Bb6 Rc8
33. Nd5 Bh6 34. Rd3 Bf8 35. Rc3 Bg7 36. Rb3 Nd4 37. Rc3 Rc6 38. Rxc6 Nxc6
39. Nc3 Bf6 40. Nb5 d5 41. Nd6+ Ke7 42. Nxb7 Bxh4 43. Nxa5 Nxa5 44. Bxa5 e4
45. fxe4 fxe4 46. c4 Kd6 47. Bb6 Bg5 48. Bd4 Kc6 49. c5 Bf5 50. Ka2 Bg4 51.
Re1 Bh4 52. Rb1 Bg5 53. b4 Be2 54. a4 Bc4+ 55. Kb2 Bf4 56. b5+ Kc7 57. Kc3
e3 58. g3 Bxg3 59. Bxe3 Be5+ 60. Bd4 Bf4 61. a5 h4 62. a6 Kb8 63. c6 g5 64.
a7+ Ka8 65. b6 1-0

[Event "X Memorial Pedro Lezcano Montalvo 2017"]
[Site "Ateneo Mpal. de Vecindario-C/Colón, s/n (Gran Canaria)"]
[Date "2017.04.09"]
[Round "3"]
[White "Meneses Gonzalez, Kevin Moises"]
[Black "Guerrero Orihuela, Jose Luis"]
[Result "1-0"]
[WhiteElo "2310"]
[BlackElo "1775"]
[EventDate "2017.04.08"]
[Board "10"]
[PlyCount "0"]
[EventRounds "9"]
[EventCountry "ESP"]

1. e4 c5 2. Nf3 e6 3. d4 cxd4 4. Nxd4 Nf6 5. Nc3 d6 6. g4 h6 7. h4 Nc6 8.
Rg1 d5 9. Bb5 Bd7 10. exd5 Nxd4 11. Bxd7+ Qxd7 12. Qxd4 Nxd5 13. Nxd5 Qxd5
14. Qxd5 exd5 15. Be3 Be7 16. h5 a6 17. O-O-O O-O-O 18. Rd3 Rd7 19. Rgd1
Rhd8 20. Bd4 Bg5+ 21. Kb1 g6 22. Be5 b6 23. Rb3 Kb7 24. f4 Be7 25. a4 gxh5
26. gxh5 Rg8 27. Bd4 Bd8 28. Bxb6 Bxb6 29. a5 Rd6 30. axb6 Rg4 31. Re1 Re6
32. Rxe6 fxe6 33. Re3 Rh4 34. Re5 Kc8 35. Ka2 Kd7 36. f5 exf5 37. Rxd5+ Ke6
38. Rb5 axb5 39. b7 Rxh5 40. b8=Q Kf6 41. Qxb5 Rg5 42. Qc6+ Kg7 43. Qd7+
Kg6 44. Qe8+ Kf6 45. Qf8+ 1-0

[Event "X Memorial Pedro Lezcano Montalvo 2017"]
[Site "Ateneo Mpal. de Vecindario-C/Colón, s/n (Gran Canaria)"]
[Date "2017.04.09"]
[Round "3"]
[White "Gonzalez Ortega, Jose Miguel"]
[Black "Robin, Samy"]
[Result "0-1"]
[WhiteElo "1772"]
[BlackElo "2285"]
[EventDate "2017.04.08"]
[Board "11"]
[PlyCount "0"]
[EventRounds "9"]
[EventCountry "ESP"]

1. Nf3 g6 2. d4 Bg7 3. c3 d6 4. Bf4 Nd7 5. e3 e5 6. dxe5 dxe5 7. Bg3 Ne7 8.
Be2 Nf5 9. Nbd2 Qe7 10. Qc2 O-O 11. O-O a5 12. e4 Nxg3 13. hxg3 Nf6 14. Nc4
Ng4 15. Nh2 Nxh2 16. Kxh2 h5 17. Ne3 Qc5 18. Rad1 c6 19. b3 b5 20. c4 b4
21. Qd3 Re8 22. g4 hxg4 23. Bxg4 Be6 24. Bxe6 Rxe6 25. Qe2 Qe7 26. g3 a4
27. Kg2 axb3 28. axb3 Ra3 29. Rd3 Rd6 30. Rfd1 Rxd3 31. Qxd3 Bf8 32. Rd2
Kg7 33. Nc2 Ra2 34. Ne3 Ra1 35. Qd7 Rb1 36. Qxe7 Bxe7 37. Rd3 Bc5 38. g4
Kf6 39. Kf3 Ke6 40. Ke2 Rb2+ 41. Kf3 Bd4 42. Nd1 Ra2 43. g5 Bc5 44. Kg3 Be7
45. Kg4 Re2 46. Kf3 Re1 47. Ne3 Rc1 48. Kg4 Rg1+ 49. Kf3 Rxg5 50. Ke2 f5
51. f3 Rh5 52. Ng2 f4 53. Kf2 Rh1 54. Ke2 Rb1 55. Ne1 Bc5 56. Nc2 Ke7 57.
Kd2 g5 58. Ke2 Rc1 59. Kd2 Rg1 60. Ne1 Bd4 61. Ke2 Bc3 62. Rd1 Rxe1+ 63.
Rxe1 Bxe1 64. Kxe1 Kf6 65. c5 g4 66. Kf2 g3+ 0-1

[Event "X Memorial Pedro Lezcano Montalvo 2017"]
[Site "Ateneo Mpal. de Vecindario-C/Colón, s/n (Gran Canaria)"]
[Date "2017.04.09"]
[Round "3"]
[White "Garcia Blanco, Omar"]
[Black "Camino Carrio, Nicanor"]
[Result "1-0"]
[WhiteElo "2269"]
[BlackElo "1980"]
[EventDate "2017.04.08"]
[Board "12"]
[PlyCount "0"]
[EventRounds "9"]
[EventCountry "ESP"]

1. e4 c5 2. a3 Nc6 3. Bb5 g6 4. Nc3 Bg7 5. Bxc6 dxc6 6. Nge2 e5 7. d3 Nf6
8. O-O O-O 9. f4 exf4 10. Bxf4 Nh5 11. Be3 Bd4 12. Qd2 Qg5 13. Nxd4 Qd8 14.
Nde2 Bg4 15. Rab1 Bc8 1-0

[Event "X Memorial Pedro Lezcano Montalvo 2017"]
[Site "Ateneo Mpal. de Vecindario-C/Colón, s/n (Gran Canaria)"]
[Date "2017.04.10"]
[Round "4"]
[White "Dvirnyy, Danyyil"]
[Black "Castellanos Rodriguez, Renier"]
[Result "1/2-1/2"]
[WhiteElo "2541"]
[BlackElo "2482"]
[EventDate "2017.04.08"]
[Board "1"]
[PlyCount "0"]
[EventRounds "9"]
[EventCountry "ESP"]

1. d4 Nf6 2. Bf4 e6 3. e3 b6 4. Nf3 Bb7 5. Bd3 Be7 6. h3 c5 7. c3 O-O 8.
O-O cxd4 9. cxd4 Nc6 10. a3 Rc8 11. Nbd2 d6 12. Qe2 Re8 13. Bh2 Nb8 14.
Rfe1 Nbd7 15. Rad1 Nf8 16. Bb5 Bc6 17. Ba6 Rc7 18. e4 Ng6 19. Qf1 Bb7 20.
Bb5 Rf8 21. Bd3 Qa8 22. Qe2 Rfc8 23. Nb1 a6 24. Nc3 b5 25. Bb1 Rc4 26. Bd3
R4c7 27. Bb1 Rc4 28. Bd3 R4c7 1/2-1/2

[Event "X Memorial Pedro Lezcano Montalvo 2017"]
[Site "Ateneo Mpal. de Vecindario-C/Colón, s/n (Gran Canaria)"]
[Date "2017.04.10"]
[Round "4"]
[White "Debray, Christopher"]
[Black "Del Rio De Angelis, Salvador G"]
[Result "0-1"]
[WhiteElo "2328"]
[BlackElo "2524"]
[EventDate "2017.04.08"]
[Board "2"]
[PlyCount "0"]
[EventRounds "9"]
[EventCountry "ESP"]

1. e4 c5 2. Na3 d6 3. c3 Nf6 4. g3 Nc6 5. Bg2 e6 6. Ne2 d5 7. exd5 Nxd5 8.
O-O Be7 9. Nc2 O-O 10. d4 cxd4 11. Ncxd4 Bf6 12. c4 Nxd4 13. cxd5 Nxe2+ 14.
Qxe2 exd5 15. Rd1 d4 16. Qb5 Bg4 17. f3 Qd7 0-1

[Event "X Memorial Pedro Lezcano Montalvo 2017"]
[Site "Ateneo Mpal. de Vecindario-C/Colón, s/n (Gran Canaria)"]
[Date "2017.04.10"]
[Round "4"]
[White "Kurajica, Bojan"]
[Black "Aguera Naredo, Javier"]
[Result "1-0"]
[WhiteElo "2517"]
[BlackElo "2354"]
[EventDate "2017.04.08"]
[Board "3"]
[PlyCount "0"]
[EventRounds "9"]
[EventCountry "ESP"]

1. Nf3 Nf6 2. c4 g6 3. b4 Bg7 4. Bb2 O-O 5. g3 b6 6. Bg2 Bb7 7. O-O c5 8.
a3 d6 9. d4 cxd4 10. Bxd4 Nbd7 11. Nbd2 e5 12. Bb2 Qe7 13. Qb3 d5 14. Ne1
dxc4 15. Nxc4 Bxg2 16. Nxg2 Qe6 17. Nge3 Ng4 18. Nxg4 Qxg4 19. Rad1 b5 20.
Ne3 Qh3 21. Qd5 Nf6 22. Qxb5 Rfe8 23. Qc6 Rac8 24. Qa6 h5 25. Rc1 Ng4 26.
Nxg4 Qxg4 27. Kg2 Rc2 28. Rxc2 Qe4+ 29. Kg1 Qxc2 30. Bc1 h4 31. Be3 h3 32.
Rc1 Qb2 33. f3 e4 34. Rc8 Qb1+ 35. Kf2 Qh1 36. Rxe8+ Kh7 37. Rxe4 Qxh2+ 38.
Ke1 Qxg3+ 39. Kd2 h2 40. Bf4 Bh6 41. Qf6 Bxf4+ 42. Rxf4 h1=Q 43. Qxf7+ Kh6
44. Qf8+ Kg5 45. Qd8+ Kh6 46. Qh8+ Kg5 47. Qxh1 Qxf4+ 48. e3 Qd6+ 49. Ke2
Qa6+ 50. Kf2 Qxa3 51. f4+ Kf6 52. Qc6+ Kf7 53. Qd5+ Kg7 54. Qa5 Qb2+ 55.
Kf3 Kh6 56. Qg5+ Kh7 57. Qe7+ Kh6 58. Qd8 Qa1 59. Qd4 Qh1+ 60. Ke2 Qg2+ 61.
Kd3 Qa8 62. Qe5 Qd8+ 63. Kc3 Kh7 64. Qd4 Qc7+ 65. Qc5 Qg7+ 66. Kc4 a6 67.
Kd5 Qd7+ 68. Ke5 Qf5+ 69. Kd6 Qe4 70. Kc7 Qd3 71. Kb6 Kh6 72. Qd4 Qb5+ 73.
Kc7 Qe8 74. Qd8 Qf7+ 75. Kd6 1-0

[Event "X Memorial Pedro Lezcano Montalvo 2017"]
[Site "Ateneo Mpal. de Vecindario-C/Colón, s/n (Gran Canaria)"]
[Date "2017.04.10"]
[Round "4"]
[White "Robin, Samy"]
[Black "Larino Nieto, David"]
[Result "1/2-1/2"]
[WhiteElo "2285"]
[BlackElo "2491"]
[EventDate "2017.04.08"]
[Board "4"]
[PlyCount "0"]
[EventRounds "9"]
[EventCountry "ESP"]

1. e4 c6 2. d4 d5 3. Nd2 g6 4. c3 dxe4 5. Nxe4 Nf6 6. Nxf6+ exf6 7. Bd3 Bg7
8. Qe2+ Qe7 9. Qxe7+ Kxe7 10. Ne2 Rd8 11. Be3 b6 12. h4 h5 13. O-O-O Na6
14. f3 Nc7 15. Nf4 f5 16. Bc4 Nd5 17. Nxd5+ cxd5 18. Bb3 Be6 19. Bg5+ f6
20. Bf4 b5 21. Rhe1 Kd7 22. a4 a6 23. Kc2 Bf8 24. Re2 Bf7 25. Rde1 Re8 26.
Rxe8 Rxe8 27. Rxe8 Kxe8 28. axb5 axb5 29. Bd2 Kd7 30. f4 Kc6 31. Ba2 b4 32.
cxb4 Kb6 33. Kc3 Bd6 34. g3 Be6 35. Be1 Bb8 36. Bd2 Ba7 37. Be3 Kc6 38. Bb3
Kb5 39. Bc2 Bd7 40. Bb3 Bc6 41. Bc2 Kb6 42. Bb3 Bb8 43. Bd2 Bd6 44. Bc2 Bb5
45. Bb3 Kc6 46. Bc2 Bc7 47. Bb3 Bd6 1/2-1/2

[Event "X Memorial Pedro Lezcano Montalvo 2017"]
[Site "Ateneo Mpal. de Vecindario-C/Colón, s/n (Gran Canaria)"]
[Date "2017.04.10"]
[Round "4"]
[White "Movsziszian, Karen"]
[Black "Gutierrez Olivares, Daniel"]
[Result "1-0"]
[WhiteElo "2483"]
[BlackElo "2336"]
[EventDate "2017.04.08"]
[Board "5"]
[PlyCount "0"]
[EventRounds "9"]
[EventCountry "ESP"]

1. g3 e5 2. c4 Nf6 3. Bg2 Nc6 4. Nc3 Bc5 5. a3 a6 6. e3 d6 7. Nge2 Ba7 8.
h3 O-O 9. b4 Rb8 10. Bb2 Bf5 11. d3 h6 12. O-O Qd7 13. Kh2 Rfe8 14. Rc1 Ne7
15. Qd2 Bh7 16. Ne4 Nxe4 17. dxe4 Rbd8 18. g4 c6 19. Rfd1 Qe6 20. a4 Bb8
21. Ng3 g6 22. f4 f6 23. f5 Qf7 24. Kh1 g5 25. Bf3 Rd7 26. Nh5 Red8 27. h4
Kf8 28. Qg2 Bg8 29. hxg5 hxg5 30. Kg1 Ba7 31. Kf2 b5 32. axb5 axb5 33. cxb5
cxb5 34. Rc3 Rc8 35. Rdc1 Rc4 36. Kg3 Rdc7 37. Qd2 Nc8 38. Be2 Ke7 39. Bxc4
bxc4 40. b5 Qe8 41. Qh2 Qf8 42. Ba3 Bc5 43. Qa2 Nb6 44. Bxc5 Rxc5 45. Ra3
c3 46. Ra7+ Nd7 47. Qa6 Bc4 48. Rd1 Qb8 49. Nxf6 Bxb5 50. Nxd7 Bxd7 51. Rh1
1-0

[Event "X Memorial Pedro Lezcano Montalvo 2017"]
[Site "Ateneo Mpal. de Vecindario-C/Colón, s/n (Gran Canaria)"]
[Date "2017.04.10"]
[Round "4"]
[White "Alvarado Diaz, Alejandro"]
[Black "Meneses Gonzalez, Kevin Moises"]
[Result "0-1"]
[WhiteElo "2415"]
[BlackElo "2310"]
[EventDate "2017.04.08"]
[Board "6"]
[PlyCount "0"]
[EventRounds "9"]
[EventCountry "ESP"]

1. e3 e5 2. d4 exd4 3. exd4 d5 4. Bd3 Nf6 5. Ne2 Bd6 6. Nbc3 c6 7. Bg5 Bg4
8. Qd2 Nbd7 9. O-O-O h6 10. Bh4 Qc7 11. Qe3+ Be6 12. f4 Ng4 13. Qf3 f5 14.
Kb1 O-O 15. Rdf1 Ngf6 16. h3 Ne4 17. Bxe4 dxe4 18. Qe3 Nb6 19. Be1 Nc4 20.
Qc1 Qb6 21. Ka1 Qa6 22. g4 fxg4 23. f5 Rxf5 24. Rfg1 Ra5 25. d5 Bxd5 0-1

[Event "X Memorial Pedro Lezcano Montalvo 2017"]
[Site "Ateneo Mpal. de Vecindario-C/Colón, s/n (Gran Canaria)"]
[Date "2017.04.10"]
[Round "4"]
[White "Ramirez Medina, Victor"]
[Black "Estevez Hernandez, Cristo Manuel"]
[Result "1-0"]
[WhiteElo "2215"]
[BlackElo "1892"]
[EventDate "2017.04.08"]
[Board "9"]
[PlyCount "0"]
[EventRounds "9"]
[EventCountry "ESP"]

1. e4 c6 2. d4 d5 3. e5 Bf5 4. Nf3 e6 5. Be2 Bb4+ 6. Nbd2 Nd7 7. O-O f6 8.
Nb3 fxe5 9. dxe5 Ne7 10. Nbd4 Qc7 11. Bf4 Ng6 12. Bg3 Ndxe5 13. Nxe5 Nxe5
14. Bh5+ g6 15. Nxf5 exf5 16. Qd4 Bd6 17. Rae1 O-O-O 18. Rxe5 c5 19. Qxd5
Qd7 20. Bf3 1-0

[Event "X Memorial Pedro Lezcano Montalvo 2017"]
[Site "Ateneo Mpal. de Vecindario-C/Colón, s/n (Gran Canaria)"]
[Date "2017.04.10"]
[Round "4"]
[White "Diaz Suarez, Cayetano"]
[Black "Lopez Pereyra, Antonio"]
[Result "1-0"]
[WhiteElo "1886"]
[BlackElo "2160"]
[EventDate "2017.04.08"]
[Board "12"]
[PlyCount "0"]
[EventRounds "9"]
[EventCountry "ESP"]

1. e4 c5 2. Nf3 Nc6 3. d4 cxd4 4. Nxd4 e5 5. Nf3 Nf6 6. Nbd2 d5 7. Bb5 Bc5
8. O-O dxe4 9. Nxe5 O-O 10. Bxc6 bxc6 11. Ndc4 Qc7 12. Bf4 Nd5 13. Bg3 f5
14. Nd3 Qe7 15. Nxc5 Qxc5 16. Nd2 Ba6 17. c4 f4 18. Bh4 e3 19. Qa4 Nc7 20.
Nf3 Rab8 21. b3 h6 22. fxe3 g5 23. Be1 fxe3 24. Bc3 e2+ 25. Rf2 Rbd8 26.
Re1 Rd1 27. Qb4 Qe3 28. Bd2 Rxd2 29. Qxd2 Rxf3 30. Qd8+ Ne8 31. gxf3 g4 1-0

[Event "X Memorial Pedro Lezcano Montalvo 2017"]
[Site "Ateneo Mpal. de Vecindario-C/Colón, s/n (Gran Canaria)"]
[Date "2017.04.11"]
[Round "5"]
[White "Del Rio De Angelis, Salvador G"]
[Black "Movsziszian, Karen"]
[Result "1-0"]
[WhiteElo "2524"]
[BlackElo "2483"]
[EventDate "2017.04.08"]
[Board "1"]
[PlyCount "57"]
[EventRounds "9"]
[EventCountry "ESP"]

1. d4 d6 2. e4 Nf6 3. Bd3 e5 4. c3 Nbd7 5. Nf3 g6 6. O-O Bg7 7. Be3 O-O 8.
Nbd2 h6 9. h3 Nh5 10. Re1 Re8 11. Qc2 Nf8 12. Rad1 Nf4 13. Bf1 g5 14. Nh2
Qf6 15. Nc4 h5 16. Bc1 Qg6 17. dxe5 d5 18. Na3 Rxe5 19. exd5 Bf5 20. Qb3
Rae8 21. Nf3 Rxe1 22. Rxe1 Rxe1 23. Nxe1 b6 24. Qc4 Be5 25. Nf3 Bd6 26. Nb5
Be4 27. Nxd6 Bxf3 28. Nc8 Be2 29. Ne7+ 1-0

[Event "X Memorial Pedro Lezcano Montalvo 2017"]
[Site "Ateneo Mpal. de Vecindario-C/Colón, s/n (Gran Canaria)"]
[Date "2017.04.11"]
[Round "5"]
[White "Meneses Gonzalez, Kevin Moises"]
[Black "Kurajica, Bojan"]
[Result "1/2-1/2"]
[WhiteElo "2310"]
[BlackElo "2517"]
[EventDate "2017.04.08"]
[Board "2"]
[PlyCount "60"]
[EventRounds "9"]
[EventCountry "ESP"]

1. e4 c5 2. Nf3 Nc6 3. d4 cxd4 4. Nxd4 g6 5. c4 Bg7 6. Be3 Qb6 7. Nb5 Qa5+
8. N1c3 Nf6 9. f3 O-O 10. Qd2 d6 11. Be2 Be6 12. Nd5 Qxd2+ 13. Kxd2 Nd7 14.
Rab1 b6 15. Bg5 Nf6 16. Rhd1 h6 17. Nxf6+ exf6 18. Bf4 f5 19. Ke3 g5 20.
Bxd6 f4+ 21. Kf2 Rfd8 22. Ba3 Be5 23. Rbc1 Rxd1 24. Rxd1 a6 25. Nc3 Bd4+
26. Ke1 Bxc3+ 27. bxc3 Ne5 28. Rd6 b5 29. Bc5 Nxc4 30. Bxc4 bxc4 1/2-1/2

[Event "X Memorial Pedro Lezcano Montalvo 2017"]
[Site "Ateneo Mpal. de Vecindario-C/Colón, s/n (Gran Canaria)"]
[Date "2017.04.11"]
[Round "5"]
[White "Castellanos Rodriguez, Renier"]
[Black "Robin, Samy"]
[Result "1/2-1/2"]
[WhiteElo "2482"]
[BlackElo "2285"]
[EventDate "2017.04.08"]
[Board "3"]
[PlyCount "97"]
[EventRounds "9"]
[EventCountry "ESP"]

1. d4 c5 2. d5 g6 3. e4 Bg7 4. Nf3 d6 5. Bd3 e5 6. h3 Ne7 7. c4 f5 8. Nc3
O-O 9. a3 a6 10. b4 b6 11. bxc5 bxc5 12. Rb1 fxe4 13. Nxe4 Nf5 14. O-O Nd7
15. Nfg5 Nf6 16. Ne6 Bxe6 17. dxe6 Nd4 18. Be3 Ra7 19. Nxf6+ Bxf6 20. Be4
Kh8 21. Qg4 Qa5 22. h4 Qc3 23. Rfc1 Qxa3 24. h5 gxh5 25. Qxh5 Nxe6 26. Rd1
Nd4 27. Rb6 Qa4 28. Rxd6 Qxc4 29. Bd5 Qe2 30. Qxe2 Nxe2+ 31. Kh2 Nd4 32.
Rc1 Nf5 33. Bxc5 Nxd6 34. Bxa7 Nb5 35. Be3 Rd8 36. Be4 Kg7 37. Kg3 h6 38.
Kg4 Rd6 39. Kh5 Bd8 40. Rc5 Re6 41. Bf5 Rf6 42. Rxe5 Bb6 43. Bc8 Bxe3 44.
fxe3 Nd6 45. Bxa6 Rf5+ 46. Rxf5 Nxf5 47. g4 Nxe3 48. g5 hxg5 49. Kxg5
1/2-1/2